माझी फिल्लमबाजी. (Record no. 273492)

MARC details
000 -LEADER
fixed length control field 00596nam a2200181Ia 4500
008 - FIXED-LENGTH DATA ELEMENTS--GENERAL INFORMATION
fixed length control field 090630s9999 xx 000 0 und d
082 ## - DEWEY DECIMAL CLASSIFICATION NUMBER
Item number 21636
100 ## - MAIN ENTRY--PERSONAL NAME
Personal name कणेकर शिरिष.
245 ## - TITLE STATEMENT
Title माझी फिल्लमबाजी.
Statement of responsibility, etc कणेकर शिरिष.
260 ## - PUBLICATION, DISTRIBUTION, ETC. (IMPRINT)
Name of publisher, distributor, etc दिलीप.
300 ## - PHYSICAL DESCRIPTION
Extent 87
600 ## - SUBJECT ADDED ENTRY--PERSONAL NAME
Personal name कणेकर शिरिष.
630 ## - SUBJECT ADDED ENTRY--UNIFORM TITLE
Uniform title माझी फिल्लमबाजी.
655 ## - INDEX TERM--GENRE/FORM
Genre/form data or focus term इतर.
700 ## - ADDED ENTRY--PERSONAL NAME
Personal name कणेकर शिरिष.
730 ## - ADDED ENTRY--UNIFORM TITLE
Uniform title माझी फिल्लमबाजी.
942 ## - ADDED ENTRY ELEMENTS (KOHA)
Koha item type Book
Holdings
Withdrawn status Lost status Damaged status Not for loan Home library Current library Date acquired Cost, normal purchase price Total Checkouts Full call number Barcode Date last seen Cost, replacement price Price effective from Koha item type
        Sarvajanik Wachanalaya Shrivardhan Sarvajanik Wachanalaya Shrivardhan 07/08/2002 125.00   21636 SAWASHRI-21636 06/30/2009 125.00 06/30/2009 Book